00757nam a2200229Ia 45000010006000000050017000060070003000230080041000260400025000670410008000920820018001001000025001182450114001432500013002572600052002703000019003226530012003416530016003539420012003699520129003819990017005104782320240114003845.0ta090506s1911 g b000 u 465 u aCotton College,Assam a465 a954bSt 32 In aSteel, Flora Annie . 0aIndia Through the Ages: Popular and Picturesque history of Hindustan /cFlora Annie Steel.hTextual Documents a1st ed / aLondon :bGeorge Routledge & Sons, Ltd ,c1911. a366p ;c20 cm. aHistory aT/G-History 2ddccBK 001040708Circulation (T/G)aSKBLbSKBLd2012-02-01f00000l0o954 St 32 Inp25813r2024-01-14 00:00:00t1w2012-02-01yBK c47788d47788